Etica y diversidad cultural

Uloženo v:
Podrobná bibliografie
Hlavní autor: Garzón Valdés, Ernesto (Autor)
Médium: Kniha
Jazyk:španělština
Vydáno: Ciudad de México UNAM 1993
Edice:Sección de obras de filosofía
Témata:
Tagy: Přidat tag
Žádné tagy, Buďte první, kdo vytvoří štítek k tomuto záznamu!

MARC

LEADER 00000nam a2200000 a 4500
001 UCY2600
003 CL-VaPUC
008 941104e19930000MX |||||||||||||||||spa|d
082 0 4 |a 170  |b GAR  |2 21 
100 |a Garzón Valdés, Ernesto  |e author  |9 597047 
245 1 0 |a Etica y diversidad cultural 
300 |a 312 p 
942 |c BK 
945 |d 19941104 00:00:00  |a rbrito 
260 |a Ciudad de México  |b UNAM  |c 1993 
650 0 |a Ética  |9 255099 
650 0 |a Cultura  |9 269059 
583 |a last modification  |c 19941104 00:00:00  |k Rodrigo Vera 
490 0 |a Sección de obras de filosofía 
999 |c 230965  |d 230963 
952 |0 0  |1 0  |4 0  |6 170_000000000000000_GAR_1993  |7 0  |8 A  |9 233687  |a BIBEDU  |b BIBEDU  |d 2019-11-15  |i 3025713  |o 170 GAR 1993  |p 3025713  |r 2019-11-15  |w 2019-11-15  |y BK  |k EDU